Регионална библиотека "Любен Каравелов" - Русе

Букварко (Запис номер 199442)

MARC детайли
000 -Лидер
Контролно поле с фиксирана дължина 01469nam a2200385 c 4500
003 - Код на организацията, давaща контролен номер
Контролно поле BLK
005 - Дата и час на последна редакция
Контролно поле 20250321174304.0
008 - Елементи от данни с фиксирана дължина
fixed length control field 180411b bul|||||r ||||||| ||bul||
010 ## - Наследен системен номер
LC control number KNG00208819000
020 ## - Международен стандартен номер на книга ISBN
Международен стандартен номер на книга ISBN 978-954-320-578-3
-- издат.: Рива
040 ## - Източник на каталожния запис
Идентификатор на билиотеката - собственик на записа BLK
041 ## - Код за език
Код за езика на текст/звукозапис или на отделно заглавие Български
Код за езика КДБФ Български
072 #7 - Код за тематичната категория
Код организация bullib
Код за тематична категория Н85
Текст Детска художествена литература Н
080 ## - УДК
Текстов определител УДК Българска литература
УДК код - определител по УДК 821.163.2
УДК определител -93-1
УДК - код + определител 821.163.2-93-1
100 ## - Редна дума - Автор
Автор Жекова, Ангелина Иванова
Дати, свързани с автора 1944-
R(LIN) 366328
139 ## - Редно поле
Редна дума Жекова, Ангелина Иванова
Авторски знак Жеко - Ж 32
245 10 - Сведения за заглавието
Заглавие Букварко
Редно поле (дума) Ангелина Иванова Жекова; худож. Лиляна Орлинова Дворянова.
257 ## - Страна на издаване
Страна на създаване/издаване България
260 ## - Област на издателските данни
-- София
Име на издателя, разпространителя и проч. Рива
Година на издаване 2016
300 ## - Физическа характеристика
Страници 32 с.
Илюстрации и др. с цв. ил.
Размери/Мащаб 20 см
380 ## - Жанр
Жанр Детска худож. лит.
650 #4 - Допълнително описание по предмет – тема
Основно описание – тема или топоним Азбука
9 (RLIN) 146594
653 ## - Ключова дума – ненормативна
Ключова дума азбука
653 ## - Ключова дума – ненормативна
Ключова дума стихотворения за деца
653 ## - Ключова дума – ненормативна
Ключова дума литература за деца
653 ## - Ключова дума – ненормативна
Ключова дума детска литература
659 ## - Тематичен бюлетин
Тематичен бюлетин Н
700 1# - Други автори (авторска отговорност)
Лично име Дворянова, Лиляна Орлинова
Автороска отговорност (Описва отношението между автора и произведението) худож.
9 (RLIN) 382620
852 ## - Местоположение
Форматна сигнатура Цб 286351
856 4# - Електронен адрес и достъп
Електронен формат pdf - файл
Път до файла /url/
856 4# - Електронен адрес и достъп
Електронен формат pdf - файл
Път до файла /url/
942 ## - АРТИКУЛИ
Вид на библиотечния материал Книги
Скрит в OPAC Не
Koha issues (borrowed), all copies 13
944 ## - СЪЗДАВАНЕ И РЕДАКЦИЯ на ЗАПИСА
Създаване/Редакция Създаване
Дата на регистрацията/редакция 30.06.2017
Статус, дата на статуса Русанова Ирена
Служител, извършил регистрацията/редакцията 30542
944 ## - СЪЗДАВАНЕ И РЕДАКЦИЯ на ЗАПИСА
Създаване/Редакция Редакция
Дата на регистрацията/редакция 26.07.2017
Статус, дата на статуса ф /
Служител, извършил регистрацията/редакцията Людмила_Стоянова
999 ## - СИСТЕМНИ КОНТРОЛНИ НОМЕРА
Koha biblionumber 199442
Koha biblioitemnumber 199442
Наличности
Код за отписване Код за изгубен артикул Код за повреда Коз за рестрикции Код за отдаване Артикулен № Име на библиотеката - собственик Име на библиотеката, в която се намира в момента Статус (Текущо местоположение) Дата на вписване в системата Местоположение - отдел Цена в лева Инвентарен номер Систематично азбучна сигнатура Баркод Номер на екземпляра Цена в евро Служебна бележка Служебен тип на артикула Източник на класификационната схема
  Не е изгубен Не е повреден без рестрикции ползва се в читалня 346378 Регионална библиотека "Любен Каравелов" Русе Регионална библиотека "Любен Каравелов" Русе Хранилище 2017-07-06 Хранилище 4.00 120000813015 Цб 286351 120000813015 1 2.05 Дост: Dp Вид: Д N: 23 Дата: 11.05.2017 Книги  
Изтеглен Не е изгубен Не е повреден без рестрикции заемане за дома 346379 Регионална библиотека "Любен Каравелов" Русе Регионална библиотека "Любен Каравелов" Русе Детски отдел 2017-07-18 Детски отдел 4.00 120000813688 ДХ 886.7/Ж 32 120000813688 2 2.05 Дост: Pk Вид: Ф N: 493 Дата: 18.07.2017 Книги Universal Decimal Classification
  Не е изгубен Не е повреден без рестрикции заемане за дома 346380 Регионална библиотека "Любен Каравелов" Русе Регионална библиотека "Любен Каравелов" Русе Детски отдел 2017-07-18 Детски отдел 4.00 120000813689 ДХ 886.7/Ж 32 120000813689 3 2.05 Дост: Pk Вид: Ф N: 493 Дата: 18.07.2017 Книги  
Vip Innovations Ltd, Rousse, Bulgaria 2025